Statistics for Directors with Most Academy Awards

Click here to take the quiz!

General Stats

  • This quiz has been taken 350 times
  • The average score is 7 of 19

Answer Stats

HintAnswer% Correct
Steven Spielberg
90%
4John Ford
63%
Frank Capra
52%
2Billy Wilder
51%
3William Wyler
49%
Clint Eastwood
46%
Ang Lee
38%
David Lean
36%
Elia Kazan
32%
Oliver Stone
32%
Miloš Forman
30%
George Stevens
29%
Robert Wise
21%
Joseph L. Mankiewicz
18%
Lewis Milestone
18%
Frank Borzage
17%
Fred Zinnemann
17%
Frank Lloyd
16%
Leo McCarey
12%

Score Distribution

Percentile by Number Answered

Percent of People with Each Score

Your Score History

You have not taken this quiz